[Event "Bjelovar op"]
[Site "Bjelovar"]
[Date "2017.08.05"]
[Round "6"]
[White "Sokac, Marko"]
[Black "Hladnic, Emanuel"]
[Result "1/2-1/2"]
[WhiteElo "2275"]
[BlackElo "2071"]
[PlyCount "168"]
[EventDate "2017.08.03"]
[EventType "swiss"]
[EventRounds "7"]
[EventCountry "CRO"]
[SourceTitle "CBM 180 Extra"]
[Source "ChessBase"]
[SourceDate "2017.10.06"]
[SourceVersion "1"]
[SourceVersionDate "2017.10.06"]
[SourceQuality "1"]

1. e4 c5 2. Qh5 Nf6 3. Qxc5 Nxe4 4. Qe3 d5 5. Bd3 Nf6 6. Nf3 Nc6 7. b3 d4 8. Qe2 Bg4 9. Bb2 Qd5 10. Bc4 Qh5 11. Na3 e6 12. Nb5 0-0-0 13. 0-0-0 a6 14. Na3 Qa5 15. Nb1 Qxa2 16. h3 Bf5 17. Bd3 Qa5 18. Bxf5 Qxf5 19. Qc4 Qd5 20. Qxd5 Rxd5 21. Rde1 Bc5 22. d3 b5 23. Nbd2 Kd7 24. Ne4 Be7 25. g4 h6 26. Rhg1 Rc8 27. Kb1 a5 28. h4 a4 29. g5 hxg5 30. hxg5 Ne8 31. g6 f6 32. c4 dxc3 33. Nxc3 Rf5 34. Rg3 axb3 35. d4 Bb4 36. Re2 Bxc3 37. Bxc3 Ne7 38. Bb2 Nxg6 39. Nd2 Nf4 40. Re1 Ke7 41. Nxb3 Kf7 42. Nc5 e5 43. Ra3 exd4 44. Ra7+ Rc7 45. Rxc7+ Nxc7 46. Bxd4 Nce6 47. Nxe6 Nxe6 48. Be3 Re5 49. Rd1 f5 50. Rd7+ Kf6 51. Rd6 Ke7 52. Ra6 f4 53. Bb6 g5 54. Kc2 g4 55. Ra3 Kf6 56. Kd2 Kg5 57. Ba7 f3 58. Be3+ Kh4 59. Ra1 Rd5+ 60. Kc3 Ng5 61. Rh1+ Nh3 62. Rb1 Ng5 63. Rh1+ Nh3 64. Rb1 Kh5 65. Rh1 Kg6 66. Ra1 Ng5 67. Ra6+ Kf5 68. Rh6 Ne4+ 69. Kc2 g3 70. Rh5+ Ke6 71. Rh6+ Kf5 72. Rh5+ Ke6 73. Rh6+ Kf7 74. fxg3 f2 75. Bxf2 Nxf2 76. Rh4 Nd3 77. Kc3 Ne5 78. Rh6 Nc4 79. Kb4 Nd6 80. Rh1 Kg6 81. Rf1 Kg5 82. Rf8 Kg4 83. Rf1 Kxg3 84. Rf8 Rf5 1/2-1/2

[Event "CRO Cup"]
[Site "Mali Losinj"]
[Date "2016.05.05"]
[Round "3.74"]
[White "Matanovic, Pavo"]
[Black "Hladnic, Emanuel"]
[Result "1-0"]
[WhiteElo "1737"]
[BlackElo "2013"]
[PlyCount "81"]
[EventDate "2016.05.04"]
[EventType "team-swiss"]
[EventRounds "6"]
[EventCountry "CRO"]
[SourceTitle "CBM 172 Extra"]
[Source "ChessBase"]
[SourceDate "2016.06.21"]
[SourceVersion "1"]
[SourceVersionDate "2016.06.21"]
[SourceQuality "1"]
[WhiteTeam "Slavonski Brod Djakovic"]
[BlackTeam "Novo Virje Konaki"]
[WhiteTeamCountry "CRO"]
[BlackTeamCountry "CRO"]

1. e4 c5 2. Nf3 d6 3. Bb5+ Nd7 4. 0-0 Ngf6 5. Re1 g6 6. c3 a6 7. Bf1 Bg7 8. d4 0-0 9. e5 Ne8 10. Bf4 Qb6 11. Qd2 dxe5 12. dxe5 Nc7 13. Bg5 Re8 14. Na3 Ne6 15. Nc4 Qc7 16. Bh6 b5 17. Bxg7 Kxg7 18. Na3 Bb7 19. Ng5 Nxg5 20. Qxg5 h6 21. Qg3 e6 22. h4 Rad8 23. Rad1 c4 24. b3 cxb3 25. axb3 Nc5 26. c4 b4 27. Nc2 a5 28. Nd4 Ne4 29. Qf4 Nc3 30. Rd3 Qe7 31. Nb5 Rxd3 32. Bxd3 Nxb5 33. cxb5 Rd8 34. Be4 Bxe4 35. Qxe4 Rd5 36. b6 Qb7 37. Qe3 Rb5 38. Qf4 Rxb6 39. Qf6+ Kh7 40. Rd1 Qc7 41. Rd8 1-0

[Event "Adriatic U20 op"]
[Site "Split"]
[Date "2015.08.30"]
[Round "7"]
[White "Sos, Fran"]
[Black "Hladnic, Emanuel"]
[Result "0-1"]
[WhiteElo "1569"]
[BlackElo "2008"]
[PlyCount "64"]
[EventDate "2015.08.25"]
[EventType "swiss"]
[EventRounds "9"]
[EventCountry "CRO"]
[SourceTitle "EXT 2016"]
[Source "ChessBase"]
[SourceDate "2015.10.08"]
[SourceVersion "1"]
[SourceVersionDate "2015.10.08"]
[SourceQuality "1"]

1. d4 Nf6 2. c4 g6 3. Nc3 d5 4. cxd5 Nxd5 5. e4 Nxc3 6. bxc3 Bg7 7. Bc4 0-0 8. Be3 c5 9. Ne2 Qc7 10. 0-0 cxd4 11. Bxf7+ Rxf7 12. cxd4 Nc6 13. Rc1 Qd8 14. h3 e6 15. Qa4 Bd7 16. Qb3 Na5 17. Qb4 b5 18. Rfd1 Nc4 19. d5 e5 20. Bc5 a5 21. Qb3 Rc8 22. Be3 a4 23. Qc3 Bf8 24. d6 Bxd6 25. Qd3 Bf8 26. Rb1 Qf6 27. Nc3 Nxe3 28. fxe3 Qg5 29. Kh2 b4 30. Ne2 Be6 31. Rbc1 Rxc1 32. Rxc1 Bxa2 0-1

[Event "Adriatic U20 op"]
[Site "Split"]
[Date "2015.08.29"]
[Round "6"]
[White "Sokac, Marko"]
[Black "Hladnic, Emanuel"]
[Result "1-0"]
[WhiteElo "2294"]
[BlackElo "2008"]
[PlyCount "111"]
[EventDate "2015.08.25"]
[EventType "swiss"]
[EventRounds "9"]
[EventCountry "CRO"]
[SourceTitle "EXT 2016"]
[Source "ChessBase"]
[SourceDate "2015.10.08"]
[SourceVersion "1"]
[SourceVersionDate "2015.10.08"]
[SourceQuality "1"]

1. e4 e5 2. Nc3 Nf6 3. Bc4 Nc6 4. d3 Bc5 5. f4 d6 6. Nf3 Qe7 7. Na4 Bb6 8. Nxb6 axb6 9. 0-0 exf4 10. Bxf4 Be6 11. Bb5 0-0 12. Bg5 Bg4 13. Bxc6 bxc6 14. h3 Bh5 15. Qe1 h6 16. Bh4 Rfe8 17. Nd4 Qe5 18. Bxf6 gxf6 19. c3 Bg6 20. Nxc6 Qc5+ 21. Nd4 d5 22. b4 Qf8 23. Nf5 dxe4 24. dxe4 Re5 25. Qh4 Kh7 26. Rf4 Rae8 27. Qxf6 Rxe4 28. Rxe4 Rxe4 29. Rf1 Re6 30. Qd4 c5 31. Qf4 cxb4 32. cxb4 b5 33. a3 Ra6 34. Rf3 Re6 35. Qc7 Qe8 36. Qc3 Re1+ 37. Kh2 Bxf5 38. Rxf5 Qb8+ 39. g3 Re2+ 40. Kg1 Qe8 41. Qd3 Qe3+ 42. Qxe3 Rxe3 43. Rxf7+ Kg6 44. Kf2 Rxg3 45. Kxg3 Kxf7 46. Kf4 Kf6 47. Ke4 Ke6 48. Kd4 Kd6 49. Kc3 Kc6 50. Kc2 h5 51. Kd3 Kd5 52. h4 Ke5 53. Ke3 Kf5 54. Kd4 Kg4 55. a4 bxa4 56. b5 1-0

[Event "CRO-ch U17"]
[Site "Krapinske Toplice"]
[Date "2015.07.31"]
[Round "9"]
[White "Starcevic, Ante Leon"]
[Black "Hladnic, Emanuel"]
[Result "0-1"]
[WhiteElo "1924"]
[BlackElo "2008"]
[PlyCount "50"]
[EventDate "2015.07.25"]
[EventType "swiss"]
[EventRounds "9"]
[EventCountry "CRO"]
[SourceTitle "CBM 167 Extra"]
[Source "ChessBase"]
[SourceDate "2015.09.14"]
[SourceVersion "1"]
[SourceVersionDate "2015.09.14"]
[SourceQuality "1"]

1. d4 Nf6 2. Nf3 g6 3. g3 Bg7 4. Bg2 0-0 5. 0-0 d6 6. Re1 Nbd7 7. e4 c5 8. d5 Qc7 9. Nc3 a6 10. a4 b6 11. Nd2 Rb8 12. Nc4 b5 13. axb5 axb5 14. Na5 b4 15. Ne2 Ra8 16. Nb3 Rxa1 17. Nxa1 c4 18. Nd4 Bb7 19. f4 Ra8 20. Bd2 Nxd5 21. c3 N5b6 22. Nac2 b3 23. Nb4 Na4 24. Bc1 Qc5 25. Nd5 e5 0-1

[Event "CRO-ch U17"]
[Site "Krapinske Toplice"]
[Date "2015.07.28"]
[Round "6"]
[White "Hladnic, Emanuel"]
[Black "Jurotic, Nino"]
[Result "1-0"]
[WhiteElo "2008"]
[BlackElo "1802"]
[PlyCount "51"]
[EventDate "2015.07.25"]
[EventType "swiss"]
[EventRounds "9"]
[EventCountry "CRO"]
[SourceTitle "CBM 167 Extra"]
[Source "ChessBase"]
[SourceDate "2015.09.14"]
[SourceVersion "1"]
[SourceVersionDate "2015.09.14"]
[SourceQuality "1"]

1. e3 c5 2. Nf3 Nc6 3. Be2 Nf6 4. b3 e5 5. 0-0 e4 6. Ne1 d5 7. Bb2 Bd6 8. d3 Qc7 9. h3 Rg8 10. dxe4 Nxe4 11. Qxd5 Nf6 12. Qd1 Be6 13. c4 0-0-0 14. Qc1 Nd7 15. Nc3 a6 16. Nd5 Qb8 17. e4 g5 18. Qd1 f5 19. exf5 Bxf5 20. Bg4 Bxg4 21. Qxg4 Nce5 22. Bxe5 Bxe5 23. Rd1 h5 24. Qe6 Rge8 25. Qf5 g4 26. Nb6+ 1-0

[Event "Bjelovar op 6th"]
[Site "Bjelovar"]
[Date "2014.08.05"]
[Round "6"]
[White "Hladnic, Emanuel"]
[Black "Mrdja, Milan"]
[Result "1-0"]
[WhiteElo "1906"]
[BlackElo "2394"]
[PlyCount "92"]
[EventDate "2014.08.03"]
[EventType "swiss"]
[EventRounds "7"]
[EventCountry "CRO"]
[SourceTitle "EXT 2019"]
[Source "ChessBase"]
[SourceDate "2018.10.10"]
[SourceVersion "1"]
[SourceVersionDate "2018.10.10"]
[SourceQuality "1"]

1. Nf3 Nf6 2. g3 g6 3. Bg2 Bg7 4. 0-0 0-0 5. c4 c6 6. Nc3 d5 7. cxd5 cxd5 8. d4 Nc6 9. Ne5 e6 10. Nxc6 bxc6 11. Na4 Nd7 12. Bf4 Ba6 13. Re1 Re8 14. Rc1 Rc8 15. e4 Bb5 16. Nc3 Qb6 17. Be3 a5 18. Qb3 Ba6 19. Qxb6 Nxb6 20. b3 Bf8 21. Bf1 Bxf1 22. Kxf1 Bb4 23. f3 a4 24. Re2 axb3 25. axb3 c5 26. dxc5 Bxc5 27. Nxd5 Bxe3 28. Rxc8 Nxc8 29. Nf6+ Kf8 30. Nxe8 Bb6 31. Nf6 Ke7 32. Nxh7 e5 33. Ng5 f6 34. Nh3 Nd6 35. Nf2 Nb5 36. Nd1 Nd4 37. Re3 Ke6 38. Rd3 f5 39. Kg2 Nc2 40. Rc3 Nd4 41. Rd3 Nc2 42. Rc3 Nd4 43. Rc4 Kd6 44. b4 Kd7 45. Nc3 Bd8 46. Nd5 Nb3 1-0

[Event "CRO-ch U17"]
[Site "Sveti Martin"]
[Date "2014.07.30"]
[Round "7"]
[White "Pavic, Filip"]
[Black "Hladnic, Emanuel"]
[Result "1-0"]
[WhiteElo "1990"]
[BlackElo "1888"]
[PlyCount "65"]
[EventDate "2014.07.26"]
[EventType "swiss"]
[EventRounds "9"]
[EventCountry "CRO"]
[SourceTitle "EXT 2016"]
[Source "ChessBase"]
[SourceDate "2015.10.08"]
[SourceVersion "1"]
[SourceVersionDate "2015.10.08"]
[SourceQuality "1"]

1. d4 Nf6 2. c4 g6 3. Nc3 Bg7 4. e4 d6 5. f4 c5 6. d5 0-0 7. Be2 e6 8. Nf3 exd5 9. cxd5 Re8 10. e5 dxe5 11. fxe5 Ng4 12. e6 fxe6 13. d6 Bd7 14. 0-0 Qb6 15. Kh1 Bc6 16. Bc4 Bxf3 17. Qxf3 Ne5 18. Qf2 Nbd7 19. Ne4 Qc6 20. Qe2 Nxc4 21. Qxc4 Nb6 22. Qe2 Nd5 23. Bg5 Rf8 24. Qg4 Rf5 25. Rfe1 Bxb2 26. Rab1 Be5 27. d7 Nf6 28. Bxf6 Bxf6 29. Ng3 Rd5 30. Rxe6 Qxd7 31. Rbe1 Re5 32. R1xe5 Bxe5 33. Rxg6+ 1-0

[Event "CRO-chT U20 23rd"]
[Site "Sv Filip i Jakov"]
[Date "2014.04.17"]
[Round "8.3"]
[White "Hladnic, Emanuel"]
[Black "Matosevic, Ivica"]
[Result "0-1"]
[WhiteElo "1843"]
[BlackElo "1884"]
[PlyCount "66"]
[EventDate "2014.04.14"]
[EventType "team-tourn"]
[EventRounds "11"]
[EventCountry "CRO"]
[SourceTitle "EXT 2016"]
[Source "ChessBase"]
[SourceDate "2015.10.08"]
[SourceVersion "1"]
[SourceVersionDate "2015.10.08"]
[SourceQuality "1"]

1. Nf3 d5 2. g3 Nf6 3. Bg2 g6 4. 0-0 Bg7 5. d3 Nbd7 6. Nbd2 0-0 7. c3 b6 8. Qc2 Bb7 9. Re1 e5 10. e4 dxe4 11. dxe4 Qe7 12. Nc4 a5 13. a4 Qe6 14. Na3 Nc5 15. Nb5 Nb3 16. Ra3 Nxc1 17. Nxc7 Qd6 18. Nxa8 Nd3 19. Rd1 Bxe4 20. Ng5 Bxg2 21. Rxd3 Qc6 22. f3 e4 23. Nxe4 Nxe4 24. Kxg2 Nc5 25. Rd2 Rxa8 26. b4 Ne6 27. b5 Qc5 28. Qe4 Rc8 29. Raa2 Bf6 30. Rac2 Qc4 31. Qb7 Qc7 32. Qe4 Nc5 33. Qg4 Rd8 0-1